000
00296nam a2200121Ia 4500
008
190216s9999||||xx |||||||||||||| ||und||
100
_a
Prakash B A
245
0
_a
Kerala`S Economy Performance Problems Prospects
260
_b
Sage Pub
_c
1994
300
_a
418 p
650
_a
Economics
942
_c
BK
999
_c
9972
_d
9972